=LDR 00000nam 2200000 4500 =001 INLIS000000000014904 =005 20200917015137 =035 ##$$a 0010-061300000014904 =008 200917################g##########0#ind## =041 ##$$a Ind =082 ##$$a 297.37 =090 ##$$a 297.37, Sul k =100 ##$$a Mawardi labay El-Sultahani =245 1#$$a Korbankan dan siapkan diri untuk berjihat : $b Dunia panggung peperangan /$c K.H. Mawardi labay El-Sultahani =260 ##$$a Jakarta :$b Al Mawardi Prima,$c 2000 =300 ##$$a 123 hlm ; $c 18 x 10 cm. =650 #4$$a Jihad =850 ##$$a NBPNMAT =084 ##$$a 297.37 MAW k =250 ##$$a cet. 1 =990 ##$$a 30500555 =990 ##$$a 30500556 =990 ##$$a 30500557 =990 ##$$a 30500558